|
|
|
|
| LEADER |
01335nam a2200325 a 4500 |
| 001 |
38563 |
| 003 |
BD-DhAAL |
| 005 |
20220516100423.0 |
| 008 |
220516t2008 nyuab b 001 0 eng d |
| 999 |
|
|
|c 44173
|d 44173
|
| 010 |
|
|
|a 2008541891
|
| 020 |
|
|
|a 9780061661167
|
| 040 |
|
|
|a DLC
|c DLC
|d BD-DhAAL
|
| 043 |
|
|
|a a-cc---
|
| 050 |
0 |
0 |
|a DS774
|b .F458 2008
|
| 082 |
0 |
0 |
|a 951.05
|2 22
|
| 100 |
0 |
|
|a Fenby, Jonathan.
|9 48394
|
| 245 |
1 |
0 |
|a Modern China :
|b the fall and rise of a great power, 1850 to the present /
|c Jonathan Fenby.
|
| 250 |
|
|
|a First U.S. edition
|
| 260 |
|
|
|a New York :
|b Ecco,
|c c2008.
|
| 300 |
|
|
|a xlvii, 762 pages :
|b illustrations (some col.), maps ;
|c 24 cm.
|
| 500 |
|
|
|a "Published in Great Britain as The Penguin history of modern China in 2008 by the Penguin Group"--T.p. verso.
|
| 504 |
|
|
|a Includes bibliographical references (pages 715-735) and index.
|
| 541 |
|
|
|a Donated By Akbar Ali Khan
|e 38563
|
| 600 |
1 |
0 |
|a Mao, Zedong,
|d 1893-1976.
|9 48395
|
| 651 |
|
0 |
|a China
|x History
|y 20th century.
|9 48396
|
| 651 |
|
0 |
|a China
|x History
|y 19th century.
|9 48397
|
| 852 |
|
|
|a Ayesha Abed Library
|c Akbar Ali Khan Collection
|
| 942 |
|
|
|2 ddc
|c BK
|
| 952 |
|
|
|0 0
|1 0
|2 ddc
|4 0
|6 951_050000000000000_FEN
|7 1
|9 70608
|a BRACUL
|b BRACUL
|c AAKC
|d 2022-05-16
|e Donated by Akbar Ali Khan
|l 0
|o 951.05 FEN
|p 3010038563
|r 2022-05-16
|t 1
|w 2022-05-16
|y BK
|